Štítnické zvesti

Podrobná bibliografia
Predchádzajúci názov:Život Štítnika
Médium: Noviny
Jazyk:slovenčina
Fyzický popis:zv. 30 cm
Vydavateľské údaje: Štítnik Obecný úrad 2007-
ISSN:1339-9152
Predmet:

MARC

LEADER 00000cas a2200000 a 4500
001 vtls009087185
003 SK-MaSNL
005 20260228160306.0
008 070815c20079999xo qr|ne 0 b0slo
022 |a 1339-9152 
040 |a SNK  |b slo  |c SNK  |e AACR2 
041 0 |a slo 
044 |a xo  |c SK 
072 7 |a 316.7  |x Sociológia kultúry. Kultúrny život  |2 konspekt 
072 7 |a 352/354  |x Stupne miestnej, oblastnej a ústrednej správy  |2 konspekt 
080 |a 316.728  |2 2011 
080 |a 352  |2 2011 
080 |a (437.6)  |2 2011 
080 |a 050  |2 2001 
080 |a (051)+(054)  |2 2011 
210 0 |a Štítnické zvesti 
222 0 |a Štítnické zvesti 
245 0 0 |a Štítnické zvesti 
260 |a Štítnik  |b Obecný úrad  |c 2007- 
300 |a zv.  |c 30 cm 
310 |a Nepravidelne 
362 0 |a Roč. VI, č. 1 (marec 2007)- 
500 |a Ročníkovo nadväzuje na predchádzajúci titul: Život Štítnika 
500 |a Evidenčné číslo: EV 3934/09 
500 |a Od č. 2 (2015) uvádzajú ISSN 
500 |a Od č. 2 (2011) je uvedené evidenčné číslo 
515 |a Má dvojaké číslovanie: číselné, slovné 
650 0 7 |a spoločenský život  |2 SNKPH  |9 28654 
650 0 7 |a miestna správa  |2 SNKPH  |9 29496 
651 7 |a Štítnik (Slovensko)  |2 SNKPHgeo  |9 18458 
655 7 |a miestne periodiká  |2 SNKPH  |9 160938 
780 0 0 |t Život Štítnika  |w vtls008952301 
910 |a snk 
999 |c 2069  |d 3999 
952 |0 0  |1 0  |4 0  |7 0  |8 0  |a SNK  |b SNK  |d 2019-07-09  |i snk2019/18199  |l 0  |o snkČSB 7179/17/2018  |p 17A1369019  |r 2026-02-21 20:18:56  |t č. 1-2  |w 2026-02-21  |y PREZ 
952 |0 0  |1 0  |4 0  |7 0  |8 0  |a SNK  |b SNK  |d 2019-07-09  |i snk2019/18186  |l 0  |o snkČSB 7179/8/2009  |p 17A1369028  |r 2026-02-21 20:26:54  |t č. 1-2  |w 2026-02-21  |y PREZ 
952 |0 0  |1 0  |4 0  |7 0  |8 0  |a SNK  |b SNK  |d 2019-07-09  |i snk2019/18190  |l 0  |o snkČSB 7179/9/2010  |p 17A1369027  |r 2026-02-21 20:26:54  |t len č. 1  |w 2026-02-21  |y PREZ 
952 |0 0  |1 0  |4 0  |7 0  |8 0  |a SNK  |b SNK  |d 2019-07-09  |i snk2019/18194  |l 0  |o snkČSB 7179/12/2013  |p 17A1369024  |r 2026-02-21 20:26:56  |t č. 1-2  |w 2026-02-21  |y PREZ 
952 |0 0  |1 0  |4 0  |7 0  |8 0  |a SNK  |b SNK  |d 2019-07-09  |i snk2019/18195  |l 0  |o snkČSB 7179/13/2014  |p 17A1369023  |r 2026-02-21 20:26:56  |t len č. 1  |w 2026-02-21  |y PREZ 
952 |0 0  |1 0  |4 0  |7 0  |8 0  |a SNK  |b SNK  |d 2019-07-09  |i snk2019/18196  |l 0  |o snkČSB 7179/14/2015  |p 17A1369022  |r 2026-02-21 20:26:56  |t č. 1-2  |w 2026-02-21  |y PREZ 
952 |0 0  |1 0  |4 0  |7 0  |8 0  |a SNK  |b SNK  |d 2019-07-09  |i snk2019/18193  |l 0  |o snkČSB 7179/11/2012  |p 17A1369025  |r 2026-02-21 20:26:58  |t č. 1-2, neúplné  |w 2026-02-21  |y PREZ  |z Chýba č. 1 
952 |0 0  |1 0  |4 0  |7 0  |8 0  |a SNK  |b SNK  |d 2019-07-09  |i snk2019/18192  |l 0  |o snkČSB 7179/10/2011  |p 17A1369026  |r 2026-02-21 20:26:58  |t č. 1-3  |w 2026-02-21  |y PREZ 
952 |0 0  |1 0  |4 0  |7 0  |8 0  |a SNK  |b SNK  |d 2019-07-09  |i snk2019/18167  |l 0  |o snkČSB 7179/6/2007  |p 17A1369030  |r 2026-02-21 22:21:12  |t č. 1-4  |w 2026-02-21  |y PREZ 
952 |0 0  |1 0  |4 0  |7 0  |8 0  |a SNK  |b SNK  |d 2019-07-09  |i snk2019/18172  |l 0  |o snkČSB 7179/7/2008  |p 17A1369029  |r 2026-02-21 22:21:12  |t č. 1-3  |w 2026-02-21  |y PREZ  |z V č. 3 (dec.) chybné stránkovanie 
952 |0 0  |1 0  |4 0  |7 0  |8 0  |a SNK  |b SNK  |d 2019-07-09  |i snk2019/18197  |l 0  |o snkČSB 7179/15/2016  |p 17A1369021  |r 2026-02-21 22:21:12  |t č. 1-2  |w 2026-02-21  |y PREZ 
952 |0 0  |1 0  |4 0  |7 0  |8 0  |a SNK  |b SNK  |d 2019-07-09  |i snk2019/18198  |l 0  |o snkČSB 7179/16/2017  |p 17A1369020  |r 2026-02-21 22:21:12  |t č. 1-2  |w 2026-02-21  |y PREZ